Violet's tale - Ren (lyrics part 2) - Statistics

General Stats
  • This quiz has been taken 32 times
  • The average score is 122 of 142
Answer Stats
Answer % Correct
A
100%
City,
100%
Down
100%
Far
100%
Five
100%
Five.
100%
From
100%
Lady
100%
London
100%
Pretty,
100%
Pretty
100%
Two
100%
Zero
100%
Alive.
95%
Alive!"
95%
Fight
95%
Fighting
95%
In
95%
In.
95%
Just
95%
Paddington
95%
Stay
95%
To
95%
Is
90%
She
90%
Violet
90%
Violet,
90%
Was
90%
And
85%
By
85%
Doctor,
85%
Doctor
85%
Gone.
85%
Her
85%
Here
85%
Months
85%
Nine
85%
Of
85%
Pregnant.
85%
See
85%
Shock,
85%
So
85%
Something
85%
State
85%
The
85%
Very
85%
Wrong,
85%
Baby
80%
Boy
80%
Come
80%
Die
80%
Dim.
80%
Girl
80%
"If
80%
I'm
80%
Jenny
80%
Let
80%
Lights
80%
Lost
80%
My
80%
Named
80%
Please
80%
Right
80%
Rushed
80%
Saw
80%
Screech.
80%
Side
80%
Side.
80%
Silence
80%
Tonight,
80%
Twins,
80%
Went
80%
Black,
75%
Cried.
75%
Happened
75%
On
75%
Or
75%
Poor
75%
Streets.
75%
Surgeon
75%
These
75%
Tragedy
75%
Turning
75%
As
70%
Broke
70%
Called
70%
It
70%
Turned
70%
Violet's
70%
World
70%
Curtains
65%
Miracle.
65%
Soon
65%
Are
60%
Closed,
60%
Composure,
60%
Regained
60%
Lying,
50%
Hard
15%
No matching quizzes found
Score Distribution
Percent of People with Each Score
Percentile by Number Answered
Your Score History
You have not taken this quiz